Química 4 /

Guardado en:
Autor Principal: Rolando, Aida
Formato: Libro
Publicado: Buenos Aires : A/z ediciones, 1995
Materias:
Etiquetas: Agregar Etiqueta
Sin Etiquetas, Sea el primero en etiquetar este registro!
LEADER 00558nam a22002055a 4500
001 CEM.cems016575
005 20110818141505.0
008 130507s1995##################000#0#####d
003 CEMS
082 0 4 |a 540 
100 1 |a Rolando, Aida 
245 1 0 |a Química 4 /  |c Aida Rolando, Mario Rene Jellinek 
260 |a Buenos Aires :  |b A/z ediciones,  |c 1995 
300 |a 528 p. 
653 |a Solubilidad 
653 |a Teoría atómica 
653 |a Sólidos 
653 |a Ácidos 
653 |a Estequiometría 
859 |a CEMS  |b BIB. CEMS - Agricultura  |h 540  |i R642  |p A18495.95  |t Ej.1